000 00424nam a2200169Ia 4500
008 130318s9999 xx 000 0 und d
020 _a9788120336421
082 _a005.73C NAI/D
100 _aNair, Achuthsankar S
245 _aData structures in C
260 _bPHI Learning
_aNew Delhi
_c2009
300 _a281
650 _aC
650 _aDATA STRUCTURES
650 _aPROGRAMMING LANGUAGE
700 _aMahalakshmi, C
999 _c1955
_d1955